[Event "Porto Mannu Open 2009"]
[Site "Palau"]
[Date "2009.05.19"]
[Round "5.10"]
[White "Byron, Alan"]
[Black "Cmilyte, Viktorija"]
[Result "1/2-1/2"]
[WhiteElo "2168"]
[BlackElo "2498"]
[PlyCount "97"]
[EventDate "2009.05.16"]

1. d4 f5 2. e4 fxe4 3. Nc3 Nf6 4. Bg5 c6 5. f3 e3 6. Bxe3 d6 7. Qd2 Be6 8. Nge2
Bf7 9. Nc1 Nbd7 10. Nd3 e5 11. dxe5 dxe5 12. Be2 Be7 13. O-O O-O 14. Nf2 Nd5
15. Nfe4 Nxe3 16. Qxe3 Qb6 17. Qxb6 Nxb6 18. Rfe1 Nd5 19. Bc4 Rad8 20. Bb3 Rfe8
21. Rad1 a5 22. Re2 Nf4 23. Bxf7+ Kxf7 24. Red2 Rxd2 25. Rxd2 Ke6 26. g3 Nd5
27. Re2 b5 28. Nd1 Nf6 29. Ndf2 Nxe4 30. Nxe4 Rd8 31. Kf1 h5 32. Ke1 Kf5 33.
Nf2 Bb4+ 34. c3 Bc5 35. Ne4 Be7 36. Rd2 Rf8 37. Ke2 Ke6 38. Rd3 a4 39. Nd2 Rb8
40. Ke3 h4 41. Ne4 hxg3 42. hxg3 Rh8 43. Rd2 Rh1 44. a3 g6 45. Kd3 Bf8 46. Re2
Rf1 47. Nd2 Rg1 48. Ne4 c5 49. Rh2 1/2-1/2

[Event "Porto Mannu Open 2009"]
[Site "Palau"]
[Date "2009.05.19"]
[Round "5.16"]
[White "Collutiis, Duilio"]
[Black "Glienke, Manfred"]
[Result "1-0"]
[WhiteElo "2451"]
[BlackElo "2318"]
[PlyCount "67"]
[EventDate "2009.05.16"]

1. e4 c5 2. Nf3 Nc6 3. Bb5 g6 4. O-O Bg7 5. Re1 Nf6 6. c3 O-O 7. e5 Nd5 8. d4
cxd4 9. cxd4 d6 10. Nc3 Nxc3 11. bxc3 Bg4 12. exd6 Qxd6 13. h3 Bxf3 14. Qxf3 a6
15. Bd3 e5 16. a4 Rfd8 17. Rb1 Rd7 18. d5 Na5 19. c4 Rc8 20. Be3 Nxc4 21. Rec1
Nb6 22. a5 Rxc1+ 23. Rxc1 Nxd5 24. Rc8+ Rd8 25. Bc5 Qd7 26. Rxd8+ Qxd8 27. Bc4
e4 28. Qd1 Qxa5 29. Qxd5 Qa1+ 30. Bf1 h5 31. Qxb7 a5 32. Qxe4 a4 33. Qe8+ Kh7
34. Qxf7 1-0

[Event "Porto Mannu Open 2009"]
[Site "Palau"]
[Date "2009.05.19"]
[Round "5.12"]
[White "D'Amore, Carlo"]
[Black "Vallbona Domingo, Joan"]
[Result "1-0"]
[WhiteElo "2483"]
[BlackElo "1993"]
[PlyCount "27"]
[EventDate "2009.05.16"]

1. e4 c5 2. Nf3 e6 3. d3 d6 4. g3 Nc6 5. Bg2 g6 6. d4 Bg7 7. dxc5 Qa5+ 8. c3
dxc5 9. Nbd2 Qa6 10. Bf1 b5 11. a4 Rb8 12. Ra3 Qb6 13. axb5 Ne5 14. Qa4 1-0

[Event "Porto Mannu Open 2009"]
[Site "Palau"]
[Date "2009.05.19"]
[Round "5.11"]
[White "Grandelius, Nils"]
[Black "Naumkin, Igor"]
[Result "1/2-1/2"]
[WhiteElo "2491"]
[BlackElo "2488"]
[PlyCount "58"]
[EventDate "2009.05.16"]

1. d4 e6 2. Nf3 f5 3. c4 Nf6 4. Qc2 Bb4+ 5. Bd2 Bxd2+ 6. Nbxd2 O-O 7. e4 fxe4
8. Nxe4 Nxe4 9. Qxe4 d5 10. Qe3 Nc6 11. Bd3 Qf6 12. O-O dxc4 13. Bxc4 Bd7 14.
Rfe1 Rad8 15. Rad1 Bc8 16. a3 h6 17. d5 exd5 18. Bxd5+ Kh8 19. Bxc6 Rxd1 20.
Rxd1 Qxc6 21. Ne5 Qf6 22. h3 Kg8 23. Nd7 Bxd7 24. Rxd7 Qxb2 25. Rxc7 a6 26. g3
Kh8 27. h4 Qb1+ 28. Kg2 Qf5 29. Qd4 Rf7 1/2-1/2

[Event "Porto Mannu Open 2009"]
[Site "Palau"]
[Date "2009.05.19"]
[Round "5.15"]
[White "Grosse Honebrink, Brigitte"]
[Black "Bitalzadeh, Ali"]
[Result "0-1"]
[WhiteElo "1927"]
[BlackElo "2417"]
[PlyCount "82"]
[EventDate "2009.05.16"]

1. d4 Nf6 2. Nf3 g6 3. Bf4 Bg7 4. e3 O-O 5. Be2 d6 6. h3 c5 7. c3 Nc6 8. O-O
cxd4 9. exd4 Bf5 10. Bd3 Bxd3 11. Qxd3 Re8 12. Qb5 a6 13. Qb3 e5 14. dxe5 dxe5
15. Be3 Na5 16. Qc2 Nc4 17. Bc1 e4 18. Nfd2 Nd6 19. Re1 Rc8 20. Nf1 Nd5 21. Qd1
Nc4 22. Qe2 Ne5 23. Ne3 Nf4 24. Qf1 Ned3 25. Rd1 Qg5 26. Kh1 Nxc1 27. Rxc1 Nd3
28. Rc2 b5 29. Nd1 Rcd8 30. a4 bxa4 31. Kg1 Nf4 32. Ne3 Nxh3+ 33. Kh1 Nf4 34.
Rxa4 Be5 35. g3 Qh5+ 36. Kg1 Nh3+ 37. Kg2 Ng5 38. Qh1 Qf3+ 39. Kg1 Rd1+ 40.
Nxd1 Qxd1+ 41. Kg2 Qxc2 0-1

[Event "Porto Mannu Open 2009"]
[Site "Palau"]
[Date "2009.05.19"]
[Round "5.9"]
[White "Lemos, Damian"]
[Black "Fernandez Vazquez, Jorge"]
[Result "1-0"]
[WhiteElo "2512"]
[BlackElo "1810"]
[PlyCount "21"]
[EventDate "2009.05.16"]

1. d4 Nf6 2. c4 e6 3. Nc3 Bb4 4. Qc2 d5 5. cxd5 Qxd5 6. Nf3 Qf5 7. Qb3 c5 8. a3
cxd4 9. Nxd4 Bxc3+ 10. Qxc3 Qd5 11. Qxc8+ 1-0

[Event "Porto Mannu Open 2009"]
[Site "Palau"]
[Date "2009.05.19"]
[Round "5.17"]
[White "Loeffler, Stefan"]
[Black "Paglietti, Nicola"]
[Result "1-0"]
[WhiteElo "2412"]
[BlackElo "2269"]
[PlyCount "105"]
[EventDate "2009.05.16"]

1. d4 Nf6 2. c4 g6 3. Nc3 d5 4. h4 c5 5. dxc5 dxc4 6. Qxd8+ Kxd8 7. e4 Be6 8.
Nf3 Na6 9. Be3 Rc8 10. c6 Rxc6 11. Nd4 Rc8 12. Nxe6+ fxe6 13. Bxa7 Bh6 14. Rd1+
Ke8 15. Rd4 Bc1 16. Rxc4 Rxc4 17. Bxc4 Bxb2 18. Na4 Ba3 19. Rh3 Bb4+ 20. Ke2
Nxe4 21. Rb3 Nd2 22. Bb5+ Kf7 23. Rb2 Ba5 24. Bd3 Nb4 25. Rxd2 Nc6 26. Bc5 Bxd2
27. Kxd2 Rd8 28. Kc3 e5 29. Nb6 Rg8 30. Be4 h5 31. a4 Nd8 32. Nc4 Ke6 33. Na5
Nf7 34. Kc4 g5 35. hxg5 Rxg5 36. Bd5+ Kf6 37. Nxb7 h4 38. a5 e4 39. Bxe4 Rg4
40. Kd3 Ng5 41. Bc6 e5 42. Nd6 Ne6 43. Be3 Nd4 44. Bd5 Ne6 45. Be4 Nc7 46. Bb6
Na6 47. Ke3 Ke7 48. Nb7 Rg8 49. Nc5 Nb4 50. a6 Nxa6 51. Nxa6 Rh8 52. Bf5 Rh6
53. Nb4 1-0

[Event "Porto Mannu Open 2009"]
[Site "Palau"]
[Date "2009.05.19"]
[Round "5.14"]
[White "Messina, Ottavio"]
[Black "Forno, Roberto"]
[Result "1-0"]
[WhiteElo "2062"]
[BlackElo "1944"]
[PlyCount "96"]
[EventDate "2009.05.16"]

1. e4 g6 2. Nf3 Bg7 3. d4 d6 4. Bd3 Bg4 5. c3 Nc6 6. O-O e5 7. d5 Nce7 8. h3
Bd7 9. Ne1 Nf6 10. Bg5 O-O 11. c4 Nh5 12. Nc3 f6 13. Be3 Nf4 14. Qd2 g5 15.
Bxf4 gxf4 16. Qe2 Qe8 17. Kh2 Kh8 18. g3 Bh6 19. Ng2 Rg8 20. g4 Ng6 21. f3 Qf7
22. Rh1 Rg7 23. Kg1 a6 24. Kf2 Rag8 25. Rag1 Bg5 26. h4 Bh6 27. h5 Ne7 28. Nh4
c6 29. dxc6 Nxc6 30. Nf5 Bxf5 31. exf5 Nd4 32. Qe4 b5 33. Nd5 Rc8 34. Rc1 Rgg8
35. b3 Bg5 36. Rc3 Qa7 37. Kg2 Rc5 38. h6 Rgc8 39. Rh5 a5 40. Rxg5 fxg5 41. f6
Qb7 42. Nb6 R8c6 43. Nd5 Qf7 44. Ne7 Rc7 45. Qa8+ Rc8 46. Nxc8 Qf8 47. Qe4 Qxh6
48. Nxd6 Ne6 1-0

[Event "Porto Mannu Open 2009"]
[Site "Palau"]
[Date "2009.05.19"]
[Round "5.22"]
[White "Pospisil, Evzen"]
[Black "Miedema, Roi"]
[Result "0-1"]
[WhiteElo "2145"]
[BlackElo "2370"]
[PlyCount "92"]
[EventDate "2009.05.16"]

1. d4 e6 2. Bf4 c5 3. e3 Nc6 4. Nf3 Nf6 5. Nbd2 d5 6. c3 Bd6 7. Ne5 O-O 8. Bg3
Bxe5 9. dxe5 Nd7 10. f4 b6 11. Bd3 Bb7 12. Qh5 f5 13. Bh4 Qe8 14. Qe2 a5 15.
Rg1 Qc8 16. g4 Ba6 17. gxf5 Bxd3 18. Qxd3 Rxf5 19. O-O-O c4 20. Qe2 Nc5 21. Bf6
Ra7 22. Qg4 Qf8 23. Rg2 Kh8 24. Rdg1 Rxf6 25. exf6 Qxf6 26. Qg5 Qf8 27. Rf1 Rf7
28. Kc2 Nd3 29. Rfg1 b5 30. Nf3 b4 31. Qh5 Rb7 32. Nd4 Nxd4+ 33. cxd4 a4 34.
Qg5 b3+ 35. axb3 axb3+ 36. Kd1 Ra7 37. Rd2 h6 38. Qg6 Ra1+ 39. Ke2 Rxg1 40.
Qxg1 Qf5 41. Qg2 Kh7 42. h3 Nxb2 43. Rxb2 c3 44. Rxb3 Qc2+ 45. Kf1 Qxb3 46. Qg4
c2 0-1

[Event "Porto Mannu Open 2009"]
[Site "Palau"]
[Date "2009.05.19"]
[Round "5.24"]
[White "Slavin, Alexei"]
[Black "Papale, Carmelo"]
[Result "1-0"]
[WhiteElo "2308"]
[BlackElo "1893"]
[PlyCount "83"]
[EventDate "2009.05.16"]

1. d4 Nf6 2. Nf3 c5 3. e3 e6 4. b3 Be7 5. Bd3 d5 6. Bb2 Nbd7 7. Ne5 Qc7 8. Nd2
b6 9. O-O Bb7 10. f4 Rc8 11. Rc1 O-O 12. Rf3 c4 13. bxc4 dxc4 14. Bxc4 Bxf3 15.
Qxf3 Rfd8 16. Ba6 Rb8 17. Nc6 Nd5 18. Nxd8 Rxd8 19. Bc4 N7f6 20. a4 Bd6 21. g3
Qe7 22. e4 Bb4 23. Nb1 Nc7 24. c3 Ba5 25. Nd2 Qd7 26. Ra1 Qc6 27. Qd3 Rc8 28.
Bb3 Qb7 29. e5 Nfd5 30. Ne4 Ne8 31. Rc1 h6 32. Rf1 f5 33. exf6 gxf6 34. f5 Qc6
35. fxe6 Qxe6 36. Qf3 Ng7 37. g4 Qc6 38. c4 Ne7 39. d5 Qc7 40. Nxf6+ Kh8 41.
Nh5 Qc5+ 42. Kh1 1-0

[Event "Porto Mannu Open 2009"]
[Site "Palau"]
[Date "2009.05.19"]
[Round "5.19"]
[White "Thorfinnsson, Bjorn"]
[Black "Hein, Erwin"]
[Result "1-0"]
[WhiteElo "2422"]
[BlackElo "2180"]
[PlyCount "111"]
[EventDate "2009.05.16"]

1. d4 Nf6 2. Bg5 d5 3. e3 e6 4. c4 c6 5. Nc3 Nbd7 6. Qc2 dxc4 7. Bxc4 Qa5 8.
Nf3 b5 9. Bd3 Nd5 10. Qb3 Bb4 11. Rc1 c5 12. Qc2 c4 13. Be4 Bb7 14. O-O h6 15.
Bf4 N7f6 16. Nxd5 exd5 17. Bf5 Qb6 18. Ne5 Bd6 19. f3 b4 20. g4 a5 21. h4 a4
22. g5 hxg5 23. hxg5 b3 24. axb3 axb3 25. Qf2 Nh5 26. g6 Bxe5 27. gxf7+ Kxf7
28. Bxe5 Qh6 29. Bh2 Qg5+ 30. Bg4 Ra6 31. Ra1 Rha8 32. Rxa6 Rxa6 33. Kh1 c3 34.
bxc3 Ra2 35. Qg1 Qh4 36. Rb1 Ba6 37. Rxb3 Ng3+ 38. Qxg3 Ra1+ 39. Kg2 Ra2+ 40.
Kg1 Ra1+ 41. Kf2 Ra2+ 42. Ke1 Qxh2 43. Qxh2 Rxh2 44. Be6+ Ke7 45. Bxd5 Re2+ 46.
Kd1 Rxe3 47. Rb6 Bf1 48. Kc2 Re2+ 49. Kb3 Bg2 50. Kb4 Rf2 51. c4 Bxf3 52. Rb7+
Kd6 53. Bxf3 Rxf3 54. Rxg7 Rf1 55. Rg6+ Kc7 56. Kc5 1-0

[Event "Porto Mannu Open 2009"]
[Site "Palau"]
[Date "2009.05.19"]
[Round "5.23"]
[White "Van Eijk, Sander"]
[Black "Sala, Sergio"]
[Result "1-0"]
[WhiteElo "2319"]
[BlackElo "1932"]
[PlyCount "69"]
[EventDate "2009.05.16"]

1. e4 Nf6 2. e5 Nd5 3. d4 d6 4. c4 Nb6 5. exd6 cxd6 6. Nc3 g6 7. Be3 Bg7 8. Rc1
O-O 9. b3 N8d7 10. c5 f5 11. f4 dxc5 12. dxc5 e5 13. cxb6 exf4 14. Bc4+ Kh8 15.
Bxf4 Qxb6 16. Nd5 Re8+ 17. Be2 Qa5+ 18. Qd2 Qxd2+ 19. Bxd2 Be5 20. Bc3 Rb8 21.
Nf3 Bxc3+ 22. Rxc3 Ne5 23. O-O Nc6 24. Bb5 a6 25. Bxc6 bxc6 26. Nc7 Re2 27. Rf2
Re7 28. Rxc6 Bb7 29. Rc1 Rc8 30. Rfc2 Rd8 31. b4 Be4 32. Rc3 Rc8 33. Ng5 Bxg2
34. Nce6 Bb7 35. Rxc8+ 1-0

[Event "Porto Mannu Open 2009"]
[Site "Palau"]
[Date "2009.05.19"]
[Round "5.21"]
[White "Zozulia, Anna"]
[Black "Ori, Marco"]
[Result "0-1"]
[WhiteElo "2371"]
[BlackElo "2069"]
[PlyCount "104"]
[EventDate "2009.05.16"]

1. e4 c6 2. d4 d5 3. exd5 cxd5 4. Bd3 Nc6 5. c3 g6 6. Bf4 Nh6 7. Qd2 Bf5 8. Be2
Qb6 9. Nf3 f6 10. O-O Nf7 11. b4 Bg7 12. a4 O-O 13. Qa2 Qd8 14. Nbd2 Rc8 15.
Nb3 Nxb4 16. cxb4 Rc2 17. Qa3 Rxe2 18. Na5 e5 19. Be3 Qd7 20. Rfd1 b6 21. Nb3
Rc2 22. a5 Bg4 23. Rd2 Rcc8 24. axb6 Bxf3 25. gxf3 axb6 26. Qa6 Nd6 27. Qe2 e4
28. Rda2 f5 29. Bf4 Nc4 30. Ra7 Qd8 31. fxe4 fxe4 32. Qg4 Qf6 33. Qd7 Rcd8 34.
Qc7 Rf7 35. Qxf7+ Qxf7 36. Rxf7 Kxf7 37. Ra7+ Kg8 38. Bg5 Rf8 39. Rd7 Rf5 40.
h4 h6 41. Be3 Rh5 42. b5 Bf6 43. Bf4 Bxh4 44. Nd2 Rf5 45. Nxc4 dxc4 46. Bxh6
Bxf2+ 47. Kg2 e3 48. Rg7+ Kh8 49. Re7 Rxb5 50. Rc7 Rf5 51. Re7 b5 52. Re4 c3
0-1

[Event "Porto Mannu Open 2009"]
[Site "Palau"]
[Date "2009.05.19"]
[Round "5.1"]
[White "Tiviakov, S. (GM)."]
[Black "Drei, A. (FM)."]
[Result "1-0"]
[WhiteElo "2697"]
[BlackElo "2278"]
[PlyCount "65"]
[EventDate "2009.05.16"]

1. e4 c5 2. Nf3 e6 3. c3 Qa5 4. g3 Nc6 5. Bg2 Nf6 6. d3 Be7 7. O-O d6 8. Ne1 h5
9. f4 h4 10. g4 h3 11. Bf3 g5 12. e5 dxe5 13. Bxc6+ bxc6 14. fxg5 Nh7 15. Qf3
O-O 16. c4 Nxg5 17. Bxg5 Bxg5 18. Nc3 Rb8 19. Ne4 Qd8 20. Qxh3 Kg7 21. Nxg5
Qxg5 22. Rf2 e4 23. dxe4 e5 24. Qg3 Rg8 25. h3 f6 26. Nd3 Be6 27. Nxc5 Bxc4 28.
b3 Bf7 29. Nd7 Rbd8 30. h4 Qg6 31. Nxf6 Rh8 32. Raf1 Qh6 33. Qxe5 1-0

[Event "Porto Mannu Open 2009"]
[Site "Palau"]
[Date "2009.05.19"]
[Round "5.2"]
[White "Cori, J. (FM)."]
[Black "Hillarp Persson, T. (GM)."]
[Result "1/2-1/2"]
[WhiteElo "2418"]
[BlackElo "2618"]
[PlyCount "71"]
[EventDate "2009.05.16"]

1. e4 g6 2. d4 Bg7 3. Be3 c5 4. c3 cxd4 5. cxd4 d5 6. e5 f6 7. f4 Nh6 8. h3 Nc6
9. Nc3 fxe5 10. fxe5 Nf5 11. Bf2 O-O 12. Nf3 e6 13. Bb5 Bd7 14. O-O h6 15. g4
Nfe7 16. Bd3 a6 17. Be3 Rf7 18. Qd2 Qb6 19. Na4 Qc7 20. Nc5 Raf8 21. Nxd7 Qxd7
22. Kg2 Qc7 23. Rf2 Qa5 24. Qxa5 Nxa5 25. b3 Nac6 26. Raf1 Rc8 27. Ne1 Rxf2+
28. Rxf2 Na7 29. Rc2 Rxc2+ 30. Nxc2 Kf7 31. Kf3 Bf8 32. Bd2 Nec6 33. a4 a5 34.
Be3 Nb4 35. Nxb4 Bxb4 36. Ke2 1/2-1/2

[Event "Porto Mannu Open 2009"]
[Site "Palau"]
[Date "2009.05.19"]
[Round "5.3"]
[White "Malakhatko, V. (GM)."]
[Black "Danieli, E."]
[Result "1-0"]
[WhiteElo "2618"]
[BlackElo "2125"]
[PlyCount "93"]
[EventDate "2009.05.16"]

1. d4 Nf6 2. c4 c5 3. d5 b5 4. cxb5 a6 5. bxa6 Bxa6 6. Nc3 d6 7. g3 g6 8. Bg2
Bg7 9. Nf3 O-O 10. O-O Nbd7 11. Rb1 Qc7 12. b3 Rfb8 13. Qc2 Ra7 14. Bd2 Nb6 15.
Nh4 Qb7 16. b4 cxb4 17. Rxb4 Qc7 18. Rfb1 Nfd7 19. Qb3 Rab7 20. Nb5 Bxb5 21.
Rxb5 Nc5 22. Qc2 Nba4 23. Rxb7 Rxb7 24. Rb4 Rxb4 25. Bxb4 Qb7 26. a3 Bf6 27.
Bf3 Qb8 28. Ng2 Qf8 29. Ne3 Qg7 30. Nd1 h5 31. e3 h4 32. Be2 Qf8 33. Bb5 Qa8
34. e4 Qa7 35. Kg2 hxg3 36. hxg3 Bd4 37. f3 Qa8 38. Nf2 Qa7 39. Nh3 Qa8 40. Nf4
Bg7 41. Bxa4 Nxa4 42. Qc6 Qa7 43. Qe8+ Bf8 44. Ne6 fxe6 45. dxe6 Qe3 46. Qf7+
Kh8 47. Qxf8+ 1-0

[Event "Porto Mannu Open 2009"]
[Site "Palau"]
[Date "2009.05.19"]
[Round "5.4"]
[White "Cori, D."]
[Black "Korneev, O. (GM)."]
[Result "1/2-1/2"]
[WhiteElo "2262"]
[BlackElo "2587"]
[PlyCount "53"]
[EventDate "2009.05.16"]

1. d4 d5 2. Nf3 Nf6 3. c4 e6 4. g3 dxc4 5. Qa4+ Nbd7 6. Bg2 a6 7. Nc3 Be7 8.
Qxc4 b5 9. Qd3 Bb7 10. O-O c5 11. b3 O-O 12. Rd1 Rc8 13. Bb2 b4 14. Na4 c4 15.
bxc4 Qa5 16. Nc5 Nxc5 17. dxc5 Rfd8 18. Qe3 Rxd1+ 19. Rxd1 Qxc5 20. Qxc5 Bxc5
21. Ne5 Bxg2 22. Kxg2 h5 23. Nd3 Kf8 24. Nxc5 Rxc5 25. Rd6 a5 26. Ra6 Rxc4 27.
Rxa5 1/2-1/2

[Event "Porto Mannu Open 2009"]
[Site "Palau"]
[Date "2009.05.19"]
[Round "5.6"]
[White "Dewenter, U."]
[Black "Marin, M. (GM)."]
[Result "0-1"]
[WhiteElo "2181"]
[BlackElo "2564"]
[PlyCount "74"]
[EventDate "2009.05.16"]

1. f4 g6 2. Nf3 Bg7 3. e4 d5 4. exd5 Qxd5 5. Nc3 Qa5 6. Bc4 Nh6 7. Qe2 Nc6 8.
Rb1 Bg4 9. Nd5 Qc5 10. Nxc7+ Kf8 11. Nxa8 Nd4 12. Qf1 Nxc2+ 13. Kd1 Nd4 14. Bd3
Bf6 15. b4 Qd6 16. h3 Bxf3+ 17. gxf3 Kg7 18. Be4 Qd7 19. b5 Rxa8 20. Qd3 Rd8
21. Rb4 Qd6 22. Rxd4 Bxd4 23. Bxb7 Qxf4 24. Re1 Qc7 25. Qe4 Nf5 26. Bc6 Qa5 27.
a3 Bf6 28. Qb4 Qc7 29. Bb2 Bxb2 30. Qxb2+ Nd4 31. Re4 Qd6 32. a4 e5 33. a5 Nxf3
34. Re2 Nd4 35. Re3 Qf6 36. Qc3 Rc8 37. Qc5 Rxc6 0-1

[Event "Porto Mannu Open 2009"]
[Site "Palau"]
[Date "2009.05.19"]
[Round "5.7"]
[White "Pelletier, Y. (GM)."]
[Black "Peat, Matthew"]
[Result "1-0"]
[WhiteElo "2559"]
[BlackElo "2075"]
[PlyCount "42"]
[EventDate "2009.05.16"]

1. e4 c6 2. c4 d5 3. exd5 cxd5 4. cxd5 Nf6 5. Nc3 Nxd5 6. Nf3 e6 7. d4 Bb4 8.
Bd2 O-O 9. Bd3 Nc6 10. O-O Nf6 11. Bg5 Be7 12. Re1 Re8 13. Rc1 Nd5 14. h4 h6
15. Bxe7 Ncxe7 16. Ne5 Bd7 17. Qf3 Rf8 18. Qe4 Nf5 19. Nxd7 Nxc3 20. bxc3 Qxd7
21. g4 Qd8 1-0

[Event "Porto Mannu Open 2009"]
[Site "Palau"]
[Date "2009.05.19"]
[Round "5.8"]
[White "Schaefer, M."]
[Black "Conquest, S. (GM)."]
[Result "0-1"]
[WhiteElo "2172"]
[BlackElo "2549"]
[PlyCount "100"]
[EventDate "2009.05.16"]

1. c4 e5 2. g3 d6 3. Bg2 g6 4. Nc3 Bg7 5. Nf3 Nc6 6. Rb1 a5 7. a3 f5 8. O-O Be6
9. d3 h6 10. Nd5 Nge7 11. Nd2 Rb8 12. b4 axb4 13. axb4 b5 14. Nxe7 Nxe7 15.
cxb5 O-O 16. Nc4 Rxb5 17. Bd2 Kh7 18. Qc2 f4 19. Rfc1 Nf5 20. e3 f3 21. Bh1 Qf6
22. Qd1 Ne7 23. Bc3 g5 24. Ra1 g4 25. Ra7 Rc8 26. Nd2 Nc6 27. Ra4 Bd7 28. Ne4
Qg6 29. h3 h5 30. h4 Kh8 31. Bd2 Rb6 32. Qb3 Nd8 33. Ra7 Ne6 34. Qa2 Qe8 35.
Bc3 Rbb8 36. Qb2 Bb5 37. Rd1 Ra8 38. Ra5 Rcb8 39. Qa2 Bc6 40. Nd2 Qd7 41. e4
Rf8 42. Nc4 Qf7 43. Qb2 Kg8 44. b5 Rxa5 45. Bxa5 Rb8 46. b6 cxb6 47. Nxd6 Qc7
48. Bb4 Nd4 49. Nc4 Rd8 50. Re1 Bb5 0-1

[Event "Porto Mannu Open 2009"]
[Site "Palau"]
[Date "2009.05.20"]
[Round "6.10"]
[White "Naumkin, Igor"]
[Black "Friedrich, Norbert"]
[Result "1-0"]
[WhiteElo "2488"]
[BlackElo "2350"]
[PlyCount "57"]
[EventDate "2009.05.16"]

1. d4 d5 2. c4 c6 3. Nf3 Nf6 4. Nc3 e6 5. e3 Nbd7 6. Qc2 Bd6 7. Bd3 O-O 8. O-O
dxc4 9. Bxc4 a6 10. Rd1 c5 11. dxc5 Bxc5 12. Ng5 h6 13. Nge4 Nxe4 14. Nxe4 Be7
15. Be2 Qb6 16. b3 Nf6 17. Bb2 Nd5 18. Bc4 Rd8 19. Qe2 Bf8 20. Qg4 Ne7 21. Nf6+
Kh8 22. Qh5 Ng6 23. Qxh6+ gxh6 24. Nd7+ Bg7 25. Nxb6 Rxd1+ 26. Rxd1 Bxb2 27.
Rd8+ Kg7 28. Nxa8 Ne7 29. Nb6 1-0

[Event "Porto Mannu Open 2009"]
[Site "Palau"]
[Date "2009.05.20"]
[Round "6.11"]
[White "Skembris, Spyridon"]
[Black "Collutiis, Duilio"]
[Result "1/2-1/2"]
[WhiteElo "2434"]
[BlackElo "2451"]
[PlyCount "52"]
[EventDate "2009.05.16"]

1. d4 Nf6 2. Nf3 g6 3. g3 Bg7 4. Bg2 O-O 5. O-O d6 6. c4 Nbd7 7. Nc3 e5 8. h3
exd4 9. Nxd4 Nb6 10. b3 d5 11. c5 Nbd7 12. c6 Ne5 13. cxb7 Bxb7 14. Ba3 Re8 15.
Rc1 Rc8 16. Na4 Ne4 17. Rc2 Nd7 18. Nc6 Bxc6 19. Rxc6 Nb6 20. Qd3 Nxa4 21. bxa4
Qd7 22. Rfc1 Re6 23. Rxe6 Qxe6 24. Qe3 c5 25. Bxe4 Bd4 26. Qd2 dxe4 1/2-1/2

[Event "Porto Mannu Open 2009"]
[Site "Palau"]
[Date "2009.05.20"]
[Round "6.13"]
[White "Piscopo, Pierluigi"]
[Black "Buratti, Marco"]
[Result "1-0"]
[WhiteElo "2405"]
[BlackElo "2037"]
[PlyCount "35"]
[EventDate "2009.05.16"]

1. e4 e5 2. Nf3 Nc6 3. d4 exd4 4. Nxd4 Nxd4 5. Qxd4 Qf6 6. Qe3 Bb4+ 7. c3 Ba5
8. Nd2 Bb6 9. Qf3 d6 10. Nc4 Bc5 11. b4 Bb6 12. a4 a5 13. Bf4 Bg4 14. Qg3 axb4
15. Nxb6 cxb6 16. Bb5+ Bd7 17. Bxd7+ Kxd7 18. O-O 1-0

[Event "Porto Mannu Open 2009"]
[Site "Palau"]
[Date "2009.05.20"]
[Round "6.14"]
[White "Matzat, Andre"]
[Black "Thorfinnsson, Bjorn"]
[Result "0-1"]
[WhiteElo "2041"]
[BlackElo "2422"]
[PlyCount "66"]
[EventDate "2009.05.16"]

1. c4 Nf6 2. Nf3 c5 3. Nc3 Nc6 4. g3 g6 5. Bg2 Bg7 6. d4 cxd4 7. Nxd4 O-O 8.
O-O Re8 9. e3 Qa5 10. Qa4 Qc7 11. Ndb5 Qb8 12. Nd5 Nxd5 13. cxd5 a6 14. dxc6
axb5 15. c7 bxa4 16. cxb8=Q Rxb8 17. Rb1 d6 18. b3 Bf5 19. e4 Be6 20. Bb2 axb3
21. axb3 Rec8 22. Bxg7 Kxg7 23. f4 b5 24. f5 Bd7 25. Rf2 Rc3 26. Ra1 Rxb3 27.
Bh3 gxf5 28. Ra7 Rb1+ 29. Kg2 Bc6 30. Bxf5 Rb7 31. Rfa2 e6 32. Rxb7 Bxb7 33.
Ra7 exf5 0-1

[Event "Porto Mannu Open 2009"]
[Site "Palau"]
[Date "2009.05.20"]
[Round "6.17"]
[White "Vallbona Domingo, Joan"]
[Black "Slavin, Alexei"]
[Result "0-1"]
[WhiteElo "1993"]
[BlackElo "2308"]
[PlyCount "38"]
[EventDate "2009.05.16"]

1. d4 Nf6 2. c4 e6 3. Nf3 Bb4+ 4. Bd2 c5 5. Bxb4 cxb4 6. Nbd2 O-O 7. e3 d6 8.
Bd3 a5 9. Rc1 b6 10. Ne4 Nxe4 11. Bxe4 Ra7 12. g4 Nd7 13. Rg1 e5 14. Kf1 g6 15.
g5 Qe7 16. Rg3 Kh8 17. Qd3 f5 18. gxf6 Nxf6 19. Bxg6 e4 0-1

[Event "Porto Mannu Open 2009"]
[Site "Palau"]
[Date "2009.05.20"]
[Round "6.18"]
[White "Londers, Jan"]
[Black "Stromboli, Carlo"]
[Result "0-1"]
[WhiteElo "1988"]
[BlackElo "2283"]
[PlyCount "42"]
[EventDate "2009.05.16"]

1. e4 e5 2. Nf3 Nc6 3. Nc3 Nf6 4. d4 exd4 5. Nxd4 Bb4 6. Nxc6 bxc6 7. Bd3 d5 8.
exd5 cxd5 9. O-O O-O 10. Bg5 c6 11. Qf3 Be7 12. Rae1 Re8 13. Ne2 h6 14. Bd2 c5
15. b3 Bg4 16. Qg3 c4 17. Nd4 cxd3 18. Nc6 Qd7 19. Nxe7+ Rxe7 20. f3 Bf5 21.
Bxh6 Bg6 0-1

[Event "Porto Mannu Open 2009"]
[Site "Palau"]
[Date "2009.05.20"]
[Round "6.23"]
[White "Turchetta, Gianluca"]
[Black "Astengo, Corrado"]
[Result "1/2-1/2"]
[WhiteElo "1957"]
[BlackElo "2208"]
[PlyCount "47"]
[EventDate "2009.05.16"]

1. e4 c5 2. Nf3 d6 3. d4 cxd4 4. Nxd4 Nf6 5. Nc3 a6 6. Be2 e5 7. Nb3 Be7 8. Be3
Be6 9. O-O O-O 10. f4 exf4 11. Bxf4 Nc6 12. Qd2 Rc8 13. Rad1 b5 14. a3 Ne5 15.
Nd4 Ng6 16. Nxe6 fxe6 17. Bxd6 Rc6 18. e5 Bxd6 19. exd6 Qb6+ 20. Qd4 Rd8 21.
Bf3 Qxd4+ 22. Rxd4 Rcxd6 23. Rxd6 Rxd6 24. Ne4 1/2-1/2

[Event "Porto Mannu Open 2009"]
[Site "Palau"]
[Date "2009.05.20"]
[Round "6.25"]
[White "Forno, Roberto"]
[Black "Dewenter, Ulf"]
[Result "0-1"]
[WhiteElo "1944"]
[BlackElo "2181"]
[PlyCount "72"]
[EventDate "2009.05.16"]

1. d4 e6 2. c4 d5 3. Nc3 c5 4. cxd5 exd5 5. Nf3 Nc6 6. g3 Nf6 7. Bg2 Be7 8. O-O
O-O 9. h3 Re8 10. Be3 c4 11. Kh2 Bf5 12. Rc1 Rc8 13. Bf4 Qa5 14. g4 Be6 15. Ne5
Qb6 16. g5 Nh5 17. Be3 Rcd8 18. Nxc6 bxc6 19. f4 Qxb2 20. Qe1 Bd6 21. Qh4 g6
22. Kg1 Bf5 23. Nd1 Qxa2 24. Bf3 Ng7 25. Kf2 Ba3 26. Rc3 Bb4 27. Rc1 Bc2 28.
Bg4 a5 29. Qg3 Re4 30. h4 Rde8 31. Rxc2 Qxc2 32. f5 gxf5 33. Bf3 Rxe3 34. Nxe3
Rxe3 35. Kxe3 f4+ 36. Kxf4 Bd6+ 0-1

[Event "Porto Mannu Open 2009"]
[Site "Palau"]
[Date "2009.05.20"]
[Round "6.26"]
[White "Sorbelli, Massimo"]
[Black "Schaefer, Michael"]
[Result "1/2-1/2"]
[WhiteElo "1919"]
[BlackElo "2172"]
[PlyCount "37"]
[EventDate "2009.05.16"]

1. d4 d5 2. Nf3 Nf6 3. Nc3 Bf5 4. g3 h6 5. Bg2 e6 6. O-O Be7 7. Ne5 O-O 8. Re1
Nbd7 9. Nxd7 Qxd7 10. e4 dxe4 11. Nxe4 Nxe4 12. Bxe4 Bxe4 13. Rxe4 Rfe8 14. Qe1
Rac8 15. c3 Bf6 16. Bf4 c5 17. dxc5 Rxc5 18. Be3 Rb5 19. Bd4 1/2-1/2

[Event "Porto Mannu Open 2009"]
[Site "Palau"]
[Date "2009.05.20"]
[Round "6.27"]
[White "Marras, Giuseppe"]
[Black "Bernardi, Ruben"]
[Result "1/2-1/2"]
[WhiteElo "1807"]
[BlackElo "2143"]
[PlyCount "71"]
[EventDate "2009.05.16"]

1. d4 c5 2. d5 Nf6 3. Nf3 b5 4. g3 Bb7 5. c4 e6 6. dxe6 fxe6 7. cxb5 Be7 8. Bg2
O-O 9. O-O Qe8 10. Bf4 Nd5 11. Bd2 d6 12. Nc3 Nxc3 13. Bxc3 Qxb5 14. a4 Qa6 15.
Qc2 Nd7 16. Rfe1 Rf7 17. Bh3 Nf8 18. Bg2 Qc6 19. Rad1 a5 20. b3 Qb6 21. e4 Nd7
22. Nd2 Ba6 23. Nc4 Bxc4 24. bxc4 e5 25. Rb1 Qc7 26. Rb5 Nf8 27. Reb1 Bd8 28.
Qd2 Qc6 29. Bxa5 Bxa5 30. Rxa5 Rfa7 31. Rbb5 Ne6 32. Rxa7 Rxa7 33. Ra5 Rb7 34.
Rb5 Nd4 35. Rxb7 Qxb7 36. Qd1 1/2-1/2